• 首页
  • 本馆介绍
  • 公告通知
  • 最新文献
  • 馆藏检索
  • 电子资源
  • 读者导购
  • 参考咨询
  • 我的图书馆
  • 登录
  • 详细信息显示
  • 放入我的书架
  • 预约/预借图书
  • 作者相关作品
  • 分类相关作品
  • 丛书相关作品
  • 出版社相关作品

书目信息

  • 表格格式
  • 工作单格式
  • 卡片格式
题名:
自动控制原理
    
 
作者: 吴秀华 主编
分册:  
出版信息: 大连   大连理工大学出版社  2019
页数: 241页
开本: 26cm
丛书名:
单 册:
中图分类: TP13
科图分类:
主题词: 自动控制理论--高等教育--教材
电子资源:
ISBN: 978-7-5685-2090-4
000 00933nam0 2200265 450
001 0104906086
005 20200115143156.0
010    @a978-7-5685-2090-4@dCNY45.80
100    @a20190920d2019 em y0chiy0120 ea
101 0  @achi
102    @aCN@b210000
105    @aa z 000yy
106    @ar
200 1  @a自动控制原理@9Zi Dong Kong Zhi Yuan Li @f吴秀华[等]主编@b专著
205    @a第三版
210    @a大连@c大连理工大学出版社@d2019
215    @a241页@c图@d26cm
300    @a新世纪普通高等教育电气工程与自动化类课程规划教材
304    @a主编还有:邹秋滢、刘潭、王永刚
330    @a本书共分八章,分别为自动控制系统的数学模型、自动控制系统时域分析、根轨迹法、频域分析法、自动控制系统的设计与校正、离散控制系统分析、非线性控制系统分析。
606 0  @a自动控制理论@x高等教育@j教材
690    @aTP13@v5
701  0 @a吴秀华@f(1970~)@4主编@9wu xiu hua
801  0 @aCN@bAZmarc@c20230906
905    @aBZT@dTP13@e15=3@f5@sTP13/15=3
    
    自动控制原理/吴秀华[等]主编.-第三版.-大连:大连理工大学出版社,2019
    241页:图;26cm
    新世纪普通高等教育电气工程与自动化类课程规划教材
    
    ISBN 978-7-5685-2090-4:CNY45.80
    本书共分八章,分别为自动控制系统的数学模型、自动控制系统时域分析、根轨迹法、频域分析法、自动控制系统的设计与校正、离散控制系统分析、非线性控制系统分析。
●
相关链接 在五车中查询图书 在当当中查询图书 在豆瓣中查询图书


正题名:自动控制原理     索取号:TP13/15=3         预约/预借

序号 登录号 条形码 馆藏地/架位号 状态 备注
1 2000011970   2000011970   旧书回溯/ [索取号:TP13/15=3] 在馆    
2 2000011971   2000011971   旧书回溯/ [索取号:TP13/15=3] 在馆    
3 2000011972   2000011972   旧书回溯/ [索取号:TP13/15=3] 在馆    
4 2000011973   2000011973   旧书回溯/ [索取号:TP13/15=3] 在馆    
5 2000011974   2000011974   旧书回溯/ [索取号:TP13/15=3] 在馆    
山东省滨州职业学院图书馆 欢迎您!
大连网信软件有限公司© 版权所有